000 00806nam a2200241Ia 4500
003 OSt
005 20220927110500.0
006 a|||||r|||| 00| 0
007 ta
008 220926b |||||||| |||| 00| 0 eng d
024 _a87838
037 _cReports
040 _aRTL
_cRTL
_beng
041 _2eng
_aeng
082 _a"X9(J).2.N59t4, K1"
110 _a"India, Government Of .... Food And Agriculture (Ministry Of-) Economics And Statistics (Directorate Of-)"
_9378722
245 0 _aEconomic survey of Indian agriculture
260 _c1961
650 _aIndustry
700 _a"India, Government Of .... Food And Agriculture (Ministry Of-) Economics And Statistics (Directorate Of-)"
_9378723
942 _h"X9(J).2.N59t4, K1"
_cCC
999 _c696967
_d696967